Van Halen Studio Albums - Statistics

General Stats
  • This quiz has been taken 72 times
  • The average score is 10 of 12
Answer Stats
Hint Answer % Correct
1978 Van Halen
100%
1979 Van Halen II
95%
1984 1984
94%
1982 Diver Down
94%
1986 5150
92%
1991 For Unlawful Carnal Knowledge
87%
1980 Women and Children First
86%
1988 OU812
84%
1998 Van Halen III
84%
1995 Balance
79%
1981 Fair Warning
78%
2012 A Different Kind of Truth
67%
No matching quizzes found
Score Distribution
Percent of People with Each Score
Percentile by Number Answered
Your Score History
You have not taken this quiz